|
|
|
|
| LEADER |
00000naa a2200000 a 4500 |
| 001 |
vtls011716056 |
| 003 |
SK-MaSNL |
| 005 |
20260302145753.0 |
| 008 |
171017 2015 xo 100 b slo |
| 015 |
|
|
|a SNBRA 2015
|2 svkbbbg
|
| 038 |
|
|
|a SVKBBBG
|
| 040 |
|
|
|a SVKBBBG
|b slo
|c SVKBBBG
|e AACR2
|
| 041 |
0 |
|
|a slo
|g eng
|
| 044 |
|
|
|a xo
|c SK
|
| 072 |
|
7 |
|a 314
|x Demografia. Populácia
|2 konspekt
|
| 080 |
|
|
|a 314.15-026.48
|2 2011
|
| 080 |
|
|
|a 314.116
|2 2011
|
| 080 |
|
|
|a (1-773)
|2 2011
|
| 080 |
|
|
|a (4)
|2 2011
|
| 100 |
1 |
|
|a Olejárová, Barbora
|4 aut
|9 446297
|
| 245 |
1 |
0 |
|a Imigrácia z tretích krajín ako nástroj riešenia demografických problémov Európskej únie
|c Barbora Olejárová
|
| 300 |
|
|
|b Tab.
|
| 504 |
|
|
|a Bibliogr. odkazy ; pozn.
|
| 610 |
2 |
7 |
|a Európska únia
|2 SNKKA
|9 29861
|
| 650 |
0 |
7 |
|a imigrácia
|2 SNKPH
|9 3820
|
| 650 |
0 |
7 |
|a starnutie obyvateľstva
|2 SNKPH
|9 4659
|
| 651 |
|
7 |
|a rozvojové krajiny
|2 SNKPH
|9 69549
|
| 651 |
|
7 |
|a Európa
|x dejiny
|2 SVKBBPH
|9 170615
|
| 773 |
0 |
|
|t Interpolis`15 : zborník vedeckých prác
|d Banská Bystrica : Belianum, 2015
|g S. 157-162
|z 9788055710747
|
| 852 |
|
|
|a SVKBB
|b KIS3GCP
|
| 958 |
|
|
|a NB
|
| 999 |
|
|
|c 1355478
|d 1357408
|